000 00342nam a2200145Ia 4500
005 20251222153524.0
008 251222s9999||||xx |||||||||||||| ||spa||
020 _a8497891732
082 _a861.62/H43
100 _aHernández, Miguel
245 0 _aAntología Poética
250 _a1ra.ed.
264 _bBiblioteca El Mundo
942 _cLIB
999 _c29823
_d29823